India Pakistan Relations Recents Trends/ (Record no. 173286)
[ view plain ]
| 000 -LEADER | |
|---|---|
| fixed length control field | 00610nam a22001937a 4500 |
| 005 - DATE AND TIME OF LATEST TRANSACTION | |
| control field | 20200221122759.0 |
| 010 ## - LCCN (DPL NO) | |
| LC control number | ENG-127875 |
| 020 ## - INTERNATIONAL STANDARD BOOK NUMBER | |
| International Standard Book Number | 9789380847627 |
| Terms of availability | 895.00 |
| 035 ## - SYSTEM CONTROL NUMBER | |
| System control number | EN-111407 |
| 037 ## - SOURCE OF ACQUISITION | |
| Source of stock number/acquisition | DBAD/PUB |
| 082 ## - DEWEY DECIMAL CLASSIFICATION NUMBER | |
| Classification number | 327.540547 |
| 100 ## - MAIN ENTRY--PERSONAL NAME | |
| Personal name | Trivedi,B.C |
| 245 ## - TITLE STATEMENT | |
| Title | India Pakistan Relations Recents Trends/ |
| Statement of responsibility, etc | by B.C. Trivedi |
| 260 ## - PUBLICATION, DISTRIBUTION, ETC. (IMPRINT) | |
| Place of publication, distribution, etc | New Delhi |
| Name of publisher, distributor, etc | Anurag Prakashan |
| Date of publication, distribution, etc | 2019 |
| 270 ## - ADDRESS | |
| Address | 4760-61,IInd Floor, 23,Ansari Road, Drayaganj |
| City | New Delhi |
| Postal code | 110002 |
| 300 ## - PHYSICAL DESCRIPTION | |
| Extent | vii;196p. |
| Dimensions | 23cm (hb) |
| 500 ## - GENERAL NOTE | |
| General note | Includes Bibliography and Index |
| 942 ## - ADDED ENTRY ELEMENTS (KOHA) | |
| Source of classification or shelving scheme | Dewey Decimal Classification |
| Item type | English Books |
| Classification part | 327.540547 |
| Call number suffix | TRI |
| Withdrawn status | Lost status | Not for loan | Collection code | Home library | Current library | Date acquired | Source of acquisition | Cost, normal purchase price | Full call number | Barcode | Copy number | Cost, replacement price | Koha item type |
|---|---|---|---|---|---|---|---|---|---|---|---|---|---|
| Non-fiction | Central Library | Central Library | 21/02/2020 | DBAD/PUB | 895.00 | 327.540547 TRI | EN-111407 | 1 | 895.00 | English Books |
